MARC

LEADER 00000nam0a2200000 4500
001 298050
005 20231102001051.0
035 |a (RuTPU)RU\TPU\book\323192 
090 |a 298050 
100 |a 20150615d1923 m y0rusy50 ca 
101 0 |a rus 
102 |a RU 
105 |a a j 000zy 
200 1 |a Теория и практика машинного черчения  |e с париложением руководства по изготовлению надписей  |f С. И. Кошкин  |g Художн. арх. Ф. Ф. Постельс 
210 |a Берлин  |c Издание Русских курсов заочного преподавания при American Y.M.C.A.  |d 1923 
215 |a 215 с.  |c ил. 
300 |a Типография Рудольф Моссе, Берлин 
317 |5 63413507: 36//347 инв. №18306  |a Принесено в дар студентами разных стран Студентам России через посредство европейской студенческой помощи 
320 |a Приложение: с. 189-215. 
606 1 |a Машиностроительное черчение  |2 stltpush  |3 (RuTPU)RU\TPU\subj\41536  |9 61326 
610 1 |a чертежные инструменты 
610 1 |a чертежные принадлежности 
610 1 |a чертежные приборы 
610 1 |a чертежные шрифты 
610 1 |a прикладная геометрия 
610 1 |a проекционное черчение 
610 1 |a развертка 
610 1 |a пересечение поверхностей 
610 1 |a эскизное черчение 
610 1 |a рабочие чертежи 
610 1 |a картинные проекции 
610 1 |a детали машин 
610 1 |a учебные пособия 
610 1 |a дарственная надпись 
610 1 |a дары 
610 1 |a дары библиотеке 
610 1 |a коллекция русских учебников 
675 |a 744:621(075.8)  |v 4 
700 1 |a Кошкин  |b С. И. 
702 1 |a Постельс  |b Ф. Ф.  |4 040 
801 1 |a RU  |b 63413507  |c 20150615 
801 2 |a RU  |b 63413507  |c 20150616  |g RCR 
942 |c BK